000 00319nam a22001457a 4500
008 221115b ||||| |||| 00| 0 eng d
020 _a9780670020744
041 _aeng
080 _a616.8
082 _a616.8 BOL
100 _a11.2
101 _aTRURI
245 _aMY STROKE OF INSIGHT
_cBOLTE J
942 _2udc
_cBK
999 _c58901
_d58901